Los negros brujos, apuntes para un estudio de etnología criminal, con una carta prólogo de Lombroso //

Gespeichert in:
Bibliographische Detailangaben
1. Verfasser: Ortiz, Fernando 1881-1969
Format: Buch
Sprache:Spanish
Veröffentlicht: Miami, Florida Universal, 1973.
Schriftenreihe:Ebano y canela 2
Schlagworte:
Tags: Tag hinzufügen
Keine Tags, Fügen Sie den ersten Tag hinzu!

MARC

LEADER 00000nam a2200000 b 4500
001 bimo0000530035
005 20171108133617.0
008 961105s1973 -u | ||| ||spa
020 |a 9590600905 
040 |a SpMaBN  |b spa  |c SpMaBN  |d CIICLA 
082 |a 133.43  |b O-77n 
100 1 |a Ortiz, Fernando  |d 1881-1969 
245 1 4 |a Los negros brujos, apuntes para un estudio de etnología criminal, con una carta prólogo de Lombroso //  |h [Texto impreso]  |c Fernando Ortiz, prólogo de Albreto N. Pamies. 
260 |a Miami, Florida  |b Universal,   |c 1973. 
300 |a 238 páginas:  |b ilustraciones 
490 1 |a Ebano y canela  |v 2 
650 1 7 |a ESCLAVITUD  |z CUBA  |v HISTORIA  |2 embne 
650 1 7 |a BRUJERIA 
650 1 7 |a NEGROS  |z CUBA  |v HISTORIA  |2 embne 
942 |2 ddc  |c BK 
956 |a 1 
999 |c 4341  |d 4341